Statistics for Gaelic Sports County Colours Quiz

Click here to take the quiz!

General Stats

  • This quiz has been taken 16 times
  • The average score is 12 of 28

Answer Stats

ColorsTeam% Correct
Donegal
80%
Dublin
73%
Tipperary
73%
Galway, Westmeath
67%
Cork, Louth
60%
Monaghan, Waterford
60%
Wexford
60%
Armagh
53%
Clare
53%
Kildare
53%
Mayo
53%
Sligo
53%
Antrim
47%
Down
47%
Kerry
47%
Kilkenny
47%
Tyrone, Derry
47%
Carlow
33%
Laois, Cavan
33%
Limerick, Fermanagh
33%
Offaly
33%
Meath
27%
New York
27%
Roscommon
27%
Wicklow
20%
Leitrim
13%
Longford
13%
London
7%

Score Distribution

Percentile by Number Answered

Percent of People with Each Score

Your Score History

You have not taken this quiz